[Event "Bohemians (Women)"]
[Site "Prague"]
[Date "1989.??.??"]
[Round "?"]
[White "Kawaciukova, Zuzana"]
[Black "Palatkova, Eliska"]
[Result "1/2-1/2"]
[WhiteElo "2000"]
[BlackElo "2000"]

1.e4 c5 2.c3 Nf6 3.e5 Nd5 4.d4 cxd4 5.Nf3 Nc6 6.cxd4 d6 7.Bc4 Nb6 8.Bb3 Bg4
9.Bxf7+ Kxf7 10.Ng5+ Ke8 11.Qxg4 dxe5 12.Ne6 Qd6 13.O-O Nxd4 14.Nxg7+ Bxg7
15.Qxg7 Qf6 16.Qxf6 exf6 17.Na3 Nd5 18.Be3 Nf5 19.Rac1 a6 20.Nc4 Kf7 21.Nb6 Nxb6
22.Rc7+ Ke6 23.Bxb6 Nd6 24.Bc5 Ne4 25.Ba3 Rab8 26.Re7+ Kf5 27.Rd1 Rhd8 28.Rdd7 Rbc8
29.b3 Rxd7 30.Rxd7 Rc2 31.f3 Ng5 32.h4 Ne6 33.Rxh7 Rxa2 34.Be7 Kg6 35.Rh8 Rb2
36.b4 Rb1+ 37.Kh2 Nf4 38.Bc5 Kg7 39.Rb8 Rb2 40.Rxb7+ Kg6 41.Be3 Rxg2+ 42.Kh1 Rb2  1/2-1/2

[Event "Bohemians"]
[Site "Prague"]
[Date "1989.??.??"]
[Round "?"]
[White "Polasek, Jaroslav"]
[Black "Haba, Petr"]
[Result "0-1"]
[WhiteElo "2395"]
[BlackElo "2480"]

1.e4 c5 2.c3 Nf6 3.e5 Nd5 4.d4 cxd4 5.Nf3 e6 6.cxd4 b6 7.Nc3 Nxc3 8.bxc3 Qc7
9.Be2 Qxc3+ 10.Bd2 Qa3 11.d5 Bb4 12.O-O O-O 13.Nd4 Bxd2 14.Qxd2 Ba6 15.Rac1 Bxe2
16.Qxe2 Na6 17.Nb5 Qa4 18.Rc3 Nc5 19.Rfc1 f5 20.dxe6 dxe6 21.Nc7 Rab8 22.Qb5 Qd4
23.Na6 Ne4 24.R3c2 Rbd8 25.h3 Rd5 26.Qe2 Qxe5 27.Nb4 Rc5 28.Rxc5 bxc5 29.Nc6 Qc7
30.Qa6 Nxf2 31.Rb1 Qg3 32.Rb3 Nxh3+ 33.Kh1 Qe1+ 34.Kh2 Nf4 35.Rg3 Ng6 36.Qb7  0-1

[Event "CSR-ch int"]
[Site "Prague"]
[Date "1989.??.??"]
[Round "11"]
[White "Haba, Petr"]
[Black "Pekarek, Ales"]
[Result "1/2-1/2"]
[WhiteElo "2480"]
[BlackElo "2465"]

1.e4 c5 2.c3 Nf6 3.e5 Nd5 4.d4 cxd4 5.Nf3 e6 6.cxd4 b6 7.Bd3 Bb4+ 8.Bd2 Bxd2+
9.Qxd2 Ba6 10.O-O Bxd3 11.Qxd3 Nc6 12.Nc3 Nxc3 13.bxc3 Rc8 14.Rae1 O-O 15.Re3  1/2-1/2

[Event "Primorsko op"]
[Site "Primorsko"]
[Date "1989.??.??"]
[Round "?"]
[White "Zinina, Z."]
[Black "Baumstark, Gertrude"]
[Result "0-1"]
[WhiteElo "2195"]
[BlackElo "2180"]

1.e4 c5 2.c3 Nf6 3.e5 Nd5 4.d4 cxd4 5.Nf3 Nc6 6.cxd4 d6 7.Bc4 Nb6 8.Bb5 dxe5
9.Nxe5 Bd7 10.Nxd7 Qxd7 11.O-O e6 12.Qg4 h5 13.Qf3 a6 14.Bxc6 Qxc6 15.Qe2 Be7
16.Nc3 Nd5 17.Bd2 Nf6 18.Rfd1 O-O 19.Bg5 Rfd8 20.Rac1 Qe8 21.d5 exd5 22.Bxf6 Bxf6
23.Qxh5 d4 24.Nd5 Qe5 25.Nxf6+ Qxf6 26.Rd3 Rac8 27.Rcd1 Rc2 28.Rf3 Qe6 29.Qh4 f6
30.Rh3 Rd7 31.Qf4 Qe8 32.Rhd3 Qe5 33.Qxe5 fxe5 34.Rb3 e4 35.Rb4 a5 36.Rb3 d3
37.f3 e3  0-1

[Event "Reggio Emilia 8990"]
[Site "Reggio Emilia"]
[Date "1989.??.??"]
[Round "?"]
[White "Manca, Federico"]
[Black "Beil, Zdenek"]
[Result "1/2-1/2"]
[WhiteElo "2285"]
[BlackElo "2375"]

1.e4 c5 2.c3 Nf6 3.e5 Nd5 4.d4 cxd4 5.Nf3 e6 6.cxd4 b6 7.Nc3 Nxc3 8.bxc3 Qc7
9.Bd2 d6 10.Bd3 Nd7 11.O-O dxe5 12.Re1 Bb7 13.Nxe5 Nxe5 14.Rxe5 Bd6 15.Rh5 a6
16.Rb1 g6 17.Rh3 O-O 18.Bg5 f6 19.Bh6 Rfe8 20.Qb3 Qc6 21.Bf1 Bc7 22.Re1 b5
23.Bc1 Rad8 24.Ba3 Bb8 25.Rhe3 Qc7 26.g3 Bd5 27.Qb2 Ba7 28.Qe2 Qc6 29.Bb4 Rc8
30.a4 Bc4 31.Bg2 Qd7 32.Qf3 Kg7 33.axb5 axb5 34.Qb7 Qxb7 35.Bxb7 Rc7 36.Bf3 Bb6
37.Ra1 Rd8 38.Ra6 Ra7 39.Rxa7+ Bxa7 40.Be2 e5 41.Bxc4 bxc4 42.Re2 Bb8 43.Bc5 Kf7
44.Rb2 Ke6 45.Kf1 Bd6 46.Rb6 exd4 47.Bxd4  1/2-1/2

[Event "URS-ch otbor"]
[Site "Roslavl"]
[Date "1989.??.??"]
[Round "?"]
[White "Korzubov, Peter"]
[Black "Yuferov, Sergey  N"]
[Result "1/2-1/2"]
[WhiteElo "2455"]
[BlackElo "2445"]

1.e4 c5 2.c3 Nf6 3.d3 Nc6 4.f4 d6 5.Nf3 Bg4 6.Be2 c4 7.dxc4 Nxe4 8.Nd4 Bxe2
9.Qxe2 Nf6 10.Be3 e6 11.Nd2 Be7 12.O-O-O Qa5 13.Kb1 Nxd4 14.cxd4 O-O 15.g4 Rfc8
16.Rc1 Bf8 17.Rhf1 d5 18.c5 Rc6 19.g5 Nd7 20.Nf3 Rac8 21.Ne5 Nxe5 22.fxe5 b6
23.Bd2 Qa4 24.b3 Qa3 25.Qf3 R6c7 26.b4 Qa6 27.Ka1 Qb5 28.Rb1 Rb8 29.Rb3 Qc4
30.Qd3 a5 31.cxb6 Rxb6 32.bxa5 Rxb3 33.Qxc4 dxc4 34.axb3 c3 35.Be3 Bb4 36.a6 Ra7
37.Rf2 Rxa6+ 38.Ra2 Rxa2+ 39.Kxa2 f5 40.gxf6 gxf6 41.exf6 Kf7 42.Bg5 Bd6
43.h3 Bc7 44.Kb1 Bb6 45.Kc2 Bxd4 46.Kd3 e5 47.b4 Kg6 48.h4 h5 49.b5 Kf7 50.Be3 c2
51.Bg5 c1=Q 52.Bxc1 Kxf6  1/2-1/2

[Event "Royan op"]
[Site "Royan"]
[Date "1989.??.??"]
[Round "6"]
[White "Baudin, Frederic"]
[Black "Degraeve, Jean Marc"]
[Result "0-1"]
[WhiteElo "2010"]
[BlackElo "2365"]

1.e4 c5 2.c3 Nf6 3.e5 Nd5 4.d4 cxd4 5.Bc4 Qc7 6.Qe2 Nb6 7.Bd3 Nc6 8.Nf3 d6
9.exd6 Qxd6 10.Na3 a6 11.Nc2 dxc3 12.bxc3 g6 13.O-O Bg7 14.Ncd4 Nxd4 15.cxd4 O-O
16.h3 Nd5 17.a4 Be6 18.Ba3 Qd7 19.Ne5 Qxa4 20.Bxe7 Qxd4 21.Nf3 Qb2 22.Bxf8 Qxe2
23.Bxe2 Bxa1 24.Rxa1 Rxf8 25.Ne5 Nf4 26.Bf3 f6 27.Nxg6 hxg6 28.Bxb7 Rb8 29.Bxa6 Ra8
30.Ra4 Ne2+ 31.Kh2 Nc3 32.Ra3 Nd5 33.Ra4 Nb6  0-1

[Event "Royan op"]
[Site "Royan"]
[Date "1989.??.??"]
[Round "7"]
[White "Degraeve, Jean Marc"]
[Black "Jansa, Vlastimil"]
[Result "1/2-1/2"]
[WhiteElo "2365"]
[BlackElo "2505"]

1.e4 c5 2.c3 Nf6 3.e5 Nd5 4.d4 cxd4 5.Nf3 e6 6.cxd4 b6 7.Nc3 Nxc3 8.bxc3 Qc7
9.Bd2 d6 10.Bd3 Nd7 11.O-O dxe5 12.Nxe5 Nxe5 13.dxe5 Bb7 14.Bb5+ Bc6 15.Qf3 Rc8
16.a4 Be7 17.Qg3 Kf8 18.Rfd1 h5 19.Bxc6 Qxc6 20.Bg5 f6 21.Qf4 Kf7 22.Rd3 Qc4
23.Rd7 Rhd8 24.Rxa7 Qxc3 25.Rf1 Rc4 26.exf6 Rxf4 27.fxe7 Re8 28.Bxf4 Rxe7
29.Rxe7+ Kxe7 30.h3 Qb4 31.Be3 Kd6 32.Rc1 h4 33.Rd1+ Ke5 34.Rc1 Kd5 35.Rd1+ Ke5
36.Rc1 Kf5 37.Rc6 Qxa4 38.Rxb6 Qa1+ 39.Kh2 Qe5+ 40.Kg1 g5 41.Rc6 Qa1+ 42.Rc1 Qb2
43.Rc5+ e5 44.Rc4 Qb1+ 45.Kh2 Qb8 46.Rg4 e4+ 47.Kg1 Qb1+ 48.Kh2 Qb8+ 49.g3 hxg3+
50.Rxg3 g4 51.hxg4+ Kg6 52.Kg2 Qb1 53.Rh3 Qd1 54.Rh6+ Kg7 55.g5 Qf3+ 56.Kh2 Qg4
57.Bd4+ Kf8 58.Bc5+ Kf7 59.Rh7+ Kg6 60.Rh3 Qf4+ 61.Rg3 Qh4+ 62.Kg2 Qh5 63.Be3 Qd1
64.Rh3 Qg4+ 65.Kh2 Kf7 66.Rh6 Kg7 67.Rd6 Kf7 68.Rf6+ Ke7 69.Rh6 Kf7 70.g6+ Ke8
71.Rh8+ Ke7  1/2-1/2

[Event "Slupsk"]
[Site "Slupsk"]
[Date "1989.??.??"]
[Round "7"]
[White "Kujawski, Adam"]
[Black "Duda, Andrzej"]
[Result "1-0"]
[WhiteElo "2270"]
[BlackElo "2295"]

1.e4 c5 2.c3 Nf6 3.e5 Nd5 4.d4 cxd4 5.Nf3 Nc6 6.Bc4 Nb6 7.Bb3 d5 8.exd6 Qxd6
9.O-O Be6 10.Na3 Bxb3 11.Qxb3 Qd5 12.Nb5 Qxb3 13.axb3 Rc8 14.Nfxd4 a6 15.Nxc6 Rxc6
16.Nd4 Rc8 17.b4 Nd5 18.b5 axb5 19.Nxb5 Rc5 20.Ra8+ Kd7 21.Na3 Rc8 22.Ra7 Kc6
23.Nc4 e6 24.Na5+ Kb6 25.Rxb7+ Kxa5 26.Be3 Ka6 27.Rb3 Bb4 28.cxb4 Nxe3 29.b5+ Kb6
30.fxe3 Rc2 31.Rxf7 Rd8 32.h3 g5 33.e4 Rd1+ 34.Rf1 Rdd2 35.Rg3 h6 36.Rf6 Rd1+
37.Kh2 Kxb5 38.Rxh6 Rxb2 39.Rxe6 Re2 40.Rxg5+ Kc4 41.Rc6+  1-0

[Event "Sochi-A"]
[Site "Sochi"]
[Date "1989.??.??"]
[Round "?"]
[White "Nun, Jiri"]
[Black "Ruban, Vadim"]
[Result "0-1"]
[WhiteElo "2475"]
[BlackElo "2515"]

1.e4 c5 2.c3 Nf6 3.e5 Nd5 4.d4 cxd4 5.Nf3 e6 6.cxd4 d6 7.a3 Bd7 8.Bd3 Bc6
9.O-O Nd7 10.Re1 dxe5 11.Nxe5 Nxe5 12.dxe5 g6 13.Qg4 Bg7 14.Qg3 O-O 15.Nd2 Ne7
16.Nc4 Qd4 17.Bg5 Nf5 18.Bxf5 Qxc4 19.Bd3 Qb3 20.Rab1 Bb5 21.Be4 Qxg3 22.hxg3 Bxe5
23.Bxb7 Rab8 24.Rxe5 Rxb7 25.Rc5 f6 26.Be3 Rd8 27.Rbc1 Kf7 28.b4 Rdd7 29.f4 h6
30.Rc8 g5 31.Kf2 Kg6 32.Rh8 Rbc7 33.Rc8 Rxc8 34.Rxc8 a6 35.Rc2 Rd1 36.Rc1 Rd3
37.Ra1 Rb3 38.Bd4 Kf5 39.a4 Bc6 40.b5 axb5 41.a5 e5 42.fxe5 fxe5 43.g4+ Kf4
44.g3+ Ke4 45.Bb6 Rb2+ 46.Kf1 b4 47.Bc7 b3 48.Re1+ Kf3 49.Bxe5 Rf2+ 50.Kg1 Rg2+
51.Kh1 Kxg4  0-1

[Event "Sochi-B"]
[Site "Sochi"]
[Date "1989.??.??"]
[Round "?"]
[White "Panchenko, Alexander N"]
[Black "Sherbakov, Ruslan"]
[Result "1/2-1/2"]
[WhiteElo "2430"]
[BlackElo "2360"]

1.e4 c5 2.c3 Nf6 3.e5 Nd5 4.d4 cxd4 5.Nf3 Nc6 6.Bc4 Nb6 7.Bb3 d5 8.exd6 Qxd6
9.O-O Be6 10.Bxe6 Qxe6 11.Nxd4 Nxd4 12.Qxd4 Rd8 13.Qh4 Qe2 14.Bd2 h5 15.h3 Qc4
16.Qg3 Qd3 17.Qh4 Qc4 18.Qg3 Qd3  1/2-1/2

[Event "JUG-ch (Women)"]
[Site "Split"]
[Date "1989.??.??"]
[Round "7"]
[White "Maric, Mirjana"]
[Black "Kovacevic, Radmila"]
[Result "1-0"]
[WhiteElo "2285"]
[BlackElo "2095"]

1.e4 c5 2.c3 Nf6 3.e5 Nd5 4.d4 cxd4 5.Nf3 Nc6 6.cxd4 e6 7.Nc3 d6 8.Bb5 Nxc3
9.bxc3 Qa5 10.Qb3 a6 11.Bxc6+ bxc6 12.O-O Be7 13.Ba3 c5 14.Nd2 d5 15.dxc5 Bxc5
16.Bxc5 Qxc5 17.Rac1 O-O 18.c4 d4 19.Qg3 Bb7 20.Nb3 Qa3 21.Rc2 Be4 22.Rd2 d3
23.Re1 Bg6 24.h4 h5 25.Qg5 Rfe8 26.g4 hxg4 27.Qxg4 Rac8 28.f3 Qb4 29.Rc1 Bf5
30.Qf4 a5 31.Rg2 a4 32.Nd4 Rxc4 33.Rxc4 Qxc4 34.Rxg7+ Kf8 35.Rg2 Rc8 36.Qh6+ Ke7
37.Nxf5+ exf5 38.Qd6+  1-0

[Event "JUG-ch (Women)"]
[Site "Split"]
[Date "1989.??.??"]
[Round "13"]
[White "Bojkovic, Natasa"]
[Black "Kovacevic, Radmila"]
[Result "1-0"]
[WhiteElo "2260"]
[BlackElo "2095"]

1.e4 c5 2.c3 Nf6 3.e5 Nd5 4.d4 cxd4 5.Nf3 e6 6.cxd4 Nc6 7.Nc3 d6 8.Bd3 dxe5
9.dxe5 Nxc3 10.bxc3 Qa5 11.O-O Be7 12.Bf4 O-O 13.Qc2 g6 14.Rab1 Rd8 15.h4 Bf8
16.h5 Qc7 17.Rfe1 b6 18.Bg5 Rd7 19.Bf6 Ne7 20.Ng5 Bb7 21.hxg6 hxg6 22.Re3 Bg7
23.Bxe7 Rxe7 24.Bxg6 fxg6 25.Qxg6 Rf7 26.Qh7+  1-0

[Event "Stavanger op"]
[Site "Stavanger"]
[Date "1989.??.??"]
[Round "3"]
[White "Fossan, Erik"]
[Black "Lauvsnes, Arild"]
[Result "0-1"]
[WhiteElo "2250"]
[BlackElo "2270"]

1.e4 c5 2.c3 Nf6 3.e5 Nd5 4.d4 cxd4 5.cxd4 d6 6.Nf3 Nc6 7.Bc4 Nb6 8.Bb5 e6
9.Nc3 h6 10.O-O d5 11.a3 Bd7 12.Bd3 a5 13.b3 Rc8 14.Bb2 a4 15.b4 Nc4 16.Rb1 Nxb2
17.Rxb2 Nxb4 18.Nb5 Nxd3 19.Qxd3 Ra8 20.Nd6+ Bxd6 21.exd6 Bc6 22.Ne5 Qxd6
23.f4 O-O 24.Rf3 f6 25.Ng4 h5 26.Ne3 Rac8 27.g4 hxg4 28.Nxg4 Rc7 29.Qg6 Be8
30.Nxf6+ Rxf6 31.Qxe8+ Qf8 32.Qxf8+ Kxf8 33.Rb4 g5 34.Rxa4 Rxf4 35.Re3 Kf7
36.Rb4 Kf6 37.Rb6 Rc6 38.Rxc6 bxc6 39.a4 Rxd4 40.Ra3 Rb4 41.a5 Rb7 42.Kf2 c5
43.a6 Ra7 44.Ra5 Ke5 45.Kf3 Kf5 46.h3 c4 47.Ke3 Ke5  0-1

[Event "Stavanger op"]
[Site "Stavanger"]
[Date "1989.??.??"]
[Round "9"]
[White "Fossan, Petter"]
[Black "Lauvsnes, Arild"]
[Result "1-0"]
[WhiteElo "2305"]
[BlackElo "2270"]

1.e4 c5 2.c3 Nf6 3.e5 Nd5 4.d4 cxd4 5.Nf3 Nc6 6.cxd4 d6 7.Bc4 Nb6 8.Bb5 a6
9.Bxc6+ bxc6 10.Nc3 Bg4 11.h3 Bxf3 12.Qxf3 Qd7 13.O-O d5 14.Be3 e6 15.Rfc1 Rc8
16.Rc2 c5 17.dxc5 Bxc5 18.Nxd5 Qxd5 19.Qxd5 Nxd5 20.Rxc5 Rxc5 21.Bxc5 Kd7
22.Rc1 Rc8 23.Rc4 Nb6 24.Rd4+ Nd5 25.Rc4 Nb6 26.Rd4+ Nd5 27.b4 a5 28.g3 Kc6
29.Bd6 a4 30.Rc4+ Kb7 31.Rxc8 Kxc8 32.Kf1 Kb7 33.Ke2 Kc6 34.Kd3 Kb5 35.Kd4 g5
36.Kd3 h5 37.g4 h4 38.a3 Nf4+ 39.Ke3 Nxh3 40.Be7 Nf4 41.Bxg5 Nd5+ 42.Kf3 Nc3
43.Bd2 Nb1 44.Bc1 Kc4 45.Kg2 Nc3 46.f4 Ne2 47.Bd2 Nd4 48.Be3 Nb5 49.Bc1 Nd4
50.g5 Nf5 51.Kh3 Kd4 52.Kg4 Kc4 53.Bd2 Kd5 54.Kh3 Kd4 55.Be1 Ke4 56.b5 Kd5
57.Bf2 Ne7 58.Kxh4 Nc8 59.Kh5 Ne7 60.Kh6 Ke4 61.Kg7  1-0

[Event "Sverdlovsk"]
[Site "Sverdlovsk"]
[Date "1989.??.??"]
[Round "?"]
[White "Luther, Thomas"]
[Black "Lisenko, Alexander V"]
[Result "1/2-1/2"]
[WhiteElo "2410"]
[BlackElo "2355"]

1.e4 c5 2.c3 Nf6 3.e5 Nd5 4.d4 cxd4 5.Nf3 Nc6 6.Bc4 Nb6 7.Bb3 d5 8.exd6 Qxd6
9.O-O Be6 10.Bxe6 Qxe6 11.Nxd4 Nxd4 12.Qxd4 Rd8 13.Qf4 Qc6 14.Nd2 g6 15.Qe5 f6
16.Qe2 Bg7 17.Nb3 Qc4  1/2-1/2

[Event "SWE-ch"]
[Site "?"]
[Date "1989.??.??"]
[Round "?"]
[White "Eriksson, Mats"]
[Black "Bergstrom, Christer"]
[Result "1/2-1/2"]
[WhiteElo "2255"]
[BlackElo "2460"]

1.e4 c5 2.c3 Nf6 3.e5 Nd5 4.d4 cxd4 5.Nf3 Nc6 6.cxd4 d6 7.Bc4 dxe5 8.dxe5 Ndb4
9.O-O Qxd1 10.Rxd1 Bf5 11.Nc3 Nc2 12.Rb1 N2b4 13.Ra1 Nc2  1/2-1/2

[Event "Tirnavia-C"]
[Site "Trnava"]
[Date "1989.??.??"]
[Round "8"]
[White "Minich, Peter"]
[Black "Michenka, Jozef"]
[Result "1/2-1/2"]
[WhiteElo "2225"]
[BlackElo "2310"]

1.e4 c5 2.c3 Nf6 3.e5 Nd5 4.d4 cxd4 5.cxd4 Nc6 6.Nf3 d6 7.Bc4 Nb6 8.Bb5 Bd7
9.exd6 e6 10.O-O Bxd6 11.Nc3 a6 12.Be2 Ne7 13.Ne4 Bc6 14.Nxd6+ Qxd6 15.b3 O-O
16.Bb2 Rfd8 17.Qc1 Nf5 18.Rd1 Nd5 19.Ne5 Bb5 20.Bh5 Be8 21.Bf3 Rac8 22.Qd2 Rc7
23.Rac1 Nh4 24.Be4 Nf6 25.Bb1 Rxc1 26.Qxc1 Ng6 27.Nc4 Qd5 28.Re1 b5 29.Ne3 Qb7
30.Qc5 Bc6 31.Rc1 Rc8 32.f3 Nf4 33.Kf2 h6 34.Qe5 N4d5 35.Nf1 Be8 36.Rc5 Nd7
37.Rxc8 Qxc8 38.Qe1 N7f6 39.Ng3 Qc7 40.Kg1 Bd7 41.Ne4 a5 42.a3 Qb6 43.Nc5 b4
44.Be4 Bc6 45.axb4 axb4 46.Qa1 Ne7 47.Bd3 Ne8 48.Qa6 Qxa6 49.Nxa6 Nd5 50.Bc1 Nd6
51.Nc5 Bb5 52.Bc2 Kf8 53.Kf2 Ke7 54.Bd2 f5 55.Nd3 Bxd3 56.Bxd3 Kd7 57.Ke2 Kc6
58.Bc4 Nxc4 59.bxc4 Nb6 60.Kd3 b3 61.Bc1 Na4 62.Ba3 g6 63.g3 g5 64.g4 fxg4
65.fxg4 b2 66.Kc2  1/2-1/2

[Event "Uzes op"]
[Site "Uzes"]
[Date "1989.??.??"]
[Round "8"]
[White "Jaulin, Philippe"]
[Black "Llapasset, JL."]
[Result "1-0"]
[WhiteElo "1970"]
[BlackElo "2150"]

1.e4 c5 2.c3 Nf6 3.e5 Nd5 4.d4 cxd4 5.Nf3 Nc6 6.Bc4 Nb6 7.Bb3 d6 8.exd6 Qxd6
9.Na3 a6 10.cxd4 Be6 11.O-O Bd5 12.Be3 e6 13.Ne5 Be7 14.Qh5 O-O 15.Bc2 f5
16.f4 Nb4 17.b3 Rac8 18.Bd1 Nc6 19.Nac4 Bxc4 20.bxc4 Nxd4 21.Bb3 Nxb3 22.axb3 Qb4
23.Qe2 Rfd8 24.Kh1 Bf6 25.Qe1 Qe7 26.Bxb6  1-0

[Event "Val Thorens"]
[Site "Val Thorens"]
[Date "1989.??.??"]
[Round "4"]
[White "Trabert, Bettina"]
[Black "Ghitescu, Theodor"]
[Result "0-1"]
[WhiteElo "2200"]
[BlackElo "2390"]

1.e4 c5 2.c3 Nf6 3.e5 Nd5 4.d4 cxd4 5.Qxd4 e6 6.Nf3 Nc6 7.Qe4 f5 8.exf6 Nxf6
9.Qh4 d5 10.Bd3 Bd6 11.Bg6+ Kd7 12.Bc2 Kc7 13.O-O h6 14.Na3 a6 15.Qa4 Bd7
16.c4 g5 17.cxd5 Nxd5 18.Bd2 Qf6 19.Be4 Rhf8 20.Rac1 Kb8 21.Nc4 Bc7 22.Ne3 Ne5
23.Qb3 Nxf3+ 24.Bxf3 Qf4 25.Rxc7 Qxc7 26.Nxd5 exd5 27.Bxd5 Bc6 28.Rc1 Bxd5
29.Qxd5 Rd8 30.Rxc7 Rxd5 31.Rc2 b6 32.g3 Kb7 33.Be3 Re8 34.Kg2 Re6 35.g4 Re4
36.h3 b5 37.a3 a5 38.Kf3 Re6 39.Rd2 Rxd2 40.Bxd2 Kb6 41.Be3+ Kc6 42.Ke2 Kd5
43.b3 b4 44.axb4 axb4 45.Kd3 Rf6 46.Ke2 Ke4 47.Bc5 Rf3 48.Bxb4 Rxh3 49.Bf8 Kf4
50.b4 Kxg4 51.Bc5 Rb3 52.Kf1 Kf3 53.Kg1 g4 54.Kh2 h5  0-1

[Event "Warsaw op"]
[Site "Warsaw"]
[Date "1989.??.??"]
[Round "?"]
[White "Votava, Jan"]
[Black "Rotstein, Arkadij"]
[Result "0-1"]
[WhiteElo "2325"]
[BlackElo "2420"]

1.e4 c5 2.c3 Nf6 3.e5 Nd5 4.d4 cxd4 5.Nf3 e6 6.cxd4 d6 7.a3 Nd7 8.Bd3 dxe5
9.Nxe5 Qa5+ 10.Bd2 Qb6 11.Nc4 Qxd4 12.Bc3 Nxc3 13.Nxc3 Ne5 14.Nxe5 Qxe5+
15.Ne2 Bd7 16.O-O Bc6 17.Qc2 g6 18.Nc3 Bg7 19.Rfe1 Qc5 20.Rac1 O-O 21.Qb1 Rad8
22.b4 Qd4 23.Be4 Bh6 24.Rc2 Bd2 25.Rd1 Bxe4 26.Rcxd2 Qxc3  0-1

[Event "Werfen op"]
[Site "Werfen"]
[Date "1989.??.??"]
[Round "1"]
[White "Walter, Guenter"]
[Black "Rotstein, Arkadij"]
[Result "0-1"]
[WhiteElo "2260"]
[BlackElo "2420"]

1.e4 c5 2.c3 Nf6 3.e5 Nd5 4.d4 cxd4 5.Nf3 e6 6.cxd4 d6 7.a3 Nd7 8.Bd3 dxe5
9.dxe5 Be7 10.O-O O-O 11.Nbd2 Nc5 12.Bc2 Bd7 13.Ne4 Bb5 14.Re1 Qb6 15.Nfg5 h6
16.Nxc5 Qxc5 17.Ne4 Qc7 18.Bd2 Rfd8 19.Qb1 Qxe5 20.Nc3 Nxc3 21.Bxc3 Qd5 22.Re3 Bd6
23.Be4 Qc4 24.Bxb7 Rab8 25.Bf3 Qc7 26.g3 Bc5 27.Re1 Qb6 28.Qc2 Bd3 29.Qd2 Be4
30.Qe2 Bxf2+ 31.Qxf2 Bxf3 32.Qxb6 axb6 33.Kf2 Bg4 34.Ke3 Rd5 35.Kf4 h5 36.Re5 Rd3
37.Rae1 f6 38.R5e3 g5+ 39.Ke4 Bf5+ 40.Kf3 Rxe3+ 41.Kxe3 Kf7 42.Rd1 b5 43.Rd4 Rc8
44.Rd7+ Kg6 45.Rd4 Rc5 46.Rd8 Bg4 47.Rd2 e5 48.Bb4 Rc1 49.Be7 Kf7 50.Bb4 Re1+
51.Kf2 Rh1 52.Kg2 Rb1 53.Kf2 Be6 54.Bc3 Bc4 55.Ke3 Re1+ 56.Kf2 Rh1 57.Ke3 Ke6
58.Bb4 Bd5 59.Rc2 f5 60.Rc5 f4+ 61.gxf4 gxf4+  0-1

[Event "Werfen op"]
[Site "Werfen"]
[Date "1989.??.??"]
[Round "3"]
[White "Waller, Helmut"]
[Black "Shneider, Aleksandr"]
[Result "0-1"]
[WhiteElo "2320"]
[BlackElo "2465"]

1.e4 c5 2.c3 Nf6 3.e5 Nd5 4.d4 cxd4 5.Nf3 Nc6 6.Bc4 Nb6 7.Bb3 d6 8.exd6 Qxd6
9.O-O Be6 10.Bxe6 Qxe6 11.cxd4 Qd7 12.Nc3 e6 13.Be3 Nd5 14.Rc1 Be7 15.Qb3 Na5
16.Qb5 Qxb5 17.Nxb5 Nc6 18.Nc3 Rd8 19.Ne5 Nxc3 20.Rxc3 Nxd4 21.Bxd4 Rxd4
22.Rc7 f6 23.Nf3 Rd7 24.Rfc1 Bd8 25.Rxd7 Kxd7 26.Rd1+ Ke7 27.Kf1 Bb6 28.Ke2 Rc8
29.Ne1 Ba5 30.b4 Bxb4 31.Rb1 a5 32.a3 Bxe1 33.Rxb7+ Kf8 34.Kxe1 Rc3 35.h4 Rxa3
36.h5 Ra1+ 37.Ke2 Rh1 38.g4 f5 39.f3 fxg4 40.fxg4 h6 41.Kf3 a4 42.Ra7 a3
43.Kf4 Ra1  0-1

[Event "Werfen op"]
[Site "Werfen"]
[Date "1989.??.??"]
[Round "4"]
[White "Mitrovic, Sinisa"]
[Black "Gyorkos, Lajos"]
[Result "1/2-1/2"]
[WhiteElo "2295"]
[BlackElo "2370"]

1.e4 c5 2.c3 Nf6 3.e5 Nd5 4.d4 cxd4 5.cxd4 d6 6.Nf3 Nc6 7.Bc4 Nb6 8.Bb5 dxe5
9.Nxe5 Bd7 10.Bxc6 Bxc6 11.O-O g6 12.Nc3 Bg7 13.Qb3 O-O 14.Rd1 Bd5 15.Qb4 f6
16.Nd3 a5 17.Qc5 Bf7 18.Bf4 Nc4 19.d5 Rc8 20.Qb5 g5 21.Be3 Nxe3 22.fxe3 f5
23.e4 fxe4 24.Nf2 Bh5 25.Nfxe4 Bxd1 26.Rxd1 h6 27.d6 exd6 28.Nxd6 Rc7 29.Qd5+ Kh8
30.Nf7+ Rcxf7 31.Qxd8 Rf1+ 32.Rxf1 Rxd8 33.Rd1 Rc8 34.Rd3 b5 35.Nxb5 Rc1+
36.Kf2 Rc2+ 37.Kf3 Rxb2 38.Nd6 Rxa2 39.Nf5 Ra4 40.g3 Bf6 41.Rd6 g4+ 42.Kg2 Bg5
43.Nxh6 Bxh6 44.Rxh6+ Kg7 45.Rc6 Ra2+ 46.Kg1 Ra1+ 47.Kg2 Ra2+ 48.Kg1 Ra1+
49.Kg2  1/2-1/2

[Event "JUG-chT"]
[Site "Zlatibor"]
[Date "1989.??.??"]
[Round "?"]
[White "Pihajlic, Amalija"]
[Black "Nutu Gajic, Dana"]
[Result "1/2-1/2"]
[WhiteElo "2185"]
[BlackElo "2340"]

1.e4 c5 2.c3 Nf6 3.e5 Nd5 4.d4 cxd4 5.cxd4 e6 6.Nf3 b6 7.a3 Be7 8.Bd3 Ba6
9.O-O O-O 10.Re1 Bxd3 11.Qxd3 d6 12.Nc3  1/2-1/2

[Event "JUG-chT"]
[Site "Zlatibor"]
[Date "1989.??.??"]
[Round "?"]
[White "Maric, Mirjana"]
[Black "Nutu Gajic, Dana"]
[Result "1-0"]
[WhiteElo "2290"]
[BlackElo "2340"]

1.e4 c5 2.c3 Nf6 3.e5 Nd5 4.d4 cxd4 5.Nf3 Nc6 6.cxd4 d6 7.Bc4 Nb6 8.Bb5 dxe5
9.Nxe5 Bd7 10.Bxc6 Bxc6 11.Nxc6 bxc6 12.O-O e6 13.Nc3 Be7 14.Be3 O-O 15.Rc1 Rc8
16.Na4 Nd5 17.Rc4 Qa5 18.Qe2 Rfd8 19.Rfc1 Qa6 20.Qc2 Nxe3 21.fxe3 Bg5 22.Qb3 Rb8
23.Qc3 Qb5 24.b3 h6 25.Nc5 Be7 26.Ne4 Ba3 27.Rf1 Rb6 28.Qc2 Ra6 29.Nc3 Qg5
30.Qf2 f5 31.Na4 Rd5 32.Qf3 Qd8 33.Nc3 Rd6 34.Na4 Kh8 35.h3 Qg5 36.Qf4 Qxf4
37.Rxf4 Ra5 38.Rf2 Ra6 39.Rfc2 Kg8 40.Kf2 Kf7 41.Nc3 Rd7 42.Ne2 Rc7 43.Nf4 Bd6
44.Nd3 Ke7 45.Kf3 Kd7 46.Rd2 Ra5 47.Nc5+ Bxc5 48.dxc5+ Ke7 49.a4 Kf6 50.Ra2 Rd7
51.b4 Ra6 52.Ke2 Ke5 53.a5 g5 54.Rd2 Rd5 55.Rc1 h5 56.Rxd5+ exd5 57.Kd3 h4
58.Rf1 Kf6 59.Kd4 Ke6 60.Rg1  1-0

[Event "JUG-chT"]
[Site "Zlatibor"]
[Date "1989.??.??"]
[Round "?"]
[White "Benderac, Srdjan"]
[Black "Dujkovic, Sinisa"]
[Result "1-0"]
[WhiteElo "2260"]
[BlackElo "2260"]

1.e4 c5 2.c3 Nf6 3.e5 Nd5 4.d4 cxd4 5.Nf3 Nc6 6.Bc4 Nb6 7.Bb3 d5 8.exd6 Qxd6
9.Na3 a6 10.O-O e6 11.cxd4 Be7 12.Qe2 Nxd4 13.Nxd4 Qxd4 14.Rd1 Qf6 15.Be3 Nd7
16.Rac1 Qe5 17.Qd2 Qb8 18.Bf4 e5 19.Bg3 Bf6 20.Qd5 O-O 21.Rxc8 Qxc8 22.Qxd7 b5
23.Qd5 Qc7 24.h3 Rad8 25.Qf3 Rxd1+ 26.Qxd1 Rd8 27.Qe2 Qc1+ 28.Kh2 Qd2 29.Qh5 g6
30.Qf3 Kg7 31.Nc2 h5 32.h4 Rd3 33.Qe4 Rd8 34.Ne3 Qd4 35.Qf3 e4 36.Qf4 a5
37.Bc2 Re8 38.b3 Be5 39.Qg5 Bxg3+ 40.Qxg3 Qc5 41.Qf4 Qe7 42.Qg3 Qc5 43.Qf4 Qe7
44.Nd5 Qe5 45.Qxe5+ Rxe5 46.Ne3 f5 47.Kg3 Re8 48.f3 exf3 49.Kxf3 Rc8 50.Ke2 Kf6
51.Bd3 Rb8 52.g3 Ke5 53.Ng2 Kd4 54.Kd2 Kc5 55.Kc3 Re8 56.a3 b4+ 57.axb4+ axb4+
58.Kd2 Rd8 59.Ke3 Re8+ 60.Kf3 Kd4 61.Bc4 Rc8 62.Nf4 Rxc4 63.Ne2+ Kd3 64.bxc4 Kxc4
65.Nc1 Kd5 66.Kf4 Ke6 67.Nd3  1-0

[Event "Zug"]
[Site "Zug"]
[Date "1989.??.??"]
[Round "?"]
[White "Lane, Gary W"]
[Black "Kraut, Rainer"]
[Result "0-1"]
[WhiteElo "2385"]
[BlackElo "2380"]

1.e4 c5 2.c3 Nf6 3.e5 Nd5 4.d4 cxd4 5.Nf3 e6 6.cxd4 d6 7.a3 Nc6 8.Bd3 g6
9.O-O Bg7 10.Qe2 O-O 11.h4 Qb6 12.Qe4 f5 13.exf6 Nxf6 14.Qf4 Nd5 15.Qxd6 Rxf3
16.gxf3 Qxd4 17.Qg3 Qxd3 18.f4 Qc2 19.Nd2 Nd4 20.Re1 Ne2+  0-1

[Event "JUG-chT FL"]
[Site "Arandjelovac"]
[Date "1990.??.??"]
[Round "9"]
[White "Bajovic, Milan"]
[Black "Nikolic, Vasilije"]
[Result "0-1"]
[WhiteElo "2345"]
[BlackElo "2320"]

1.e4 c5 2.c3 Nf6 3.e5 Nd5 4.d4 cxd4 5.Qxd4 e6 6.Nf3 b6 7.Nbd2 Bb7 8.Nc4 Nc6
9.Qg4 Qc7 10.Nd6+ Bxd6 11.exd6 Qxd6 12.Qxg7 O-O-O 13.Qh6 Ne5 14.Nd4 Ng4 15.Qd2 a6
16.Nf3 Ne5 17.Be2 Qc7 18.Nxe5 Qxe5 19.c4 Ne7 20.Qe3 Qc7 21.f3 Nf5 22.Qc3 Rhg8
23.g3 d6 24.Rf1 e5 25.Kf2 h5 26.Be3 Nxe3 27.Qxe3 f5 28.b4 h4 29.Rg1 hxg3+
30.hxg3 Rxg3 31.Rxg3 f4 32.Qd3 fxg3+ 33.Kxg3 Qg7+ 34.Kf2 e4 35.Qd1 exf3 36.Bf1 Qb2+  0-1

[Event "Bad Woerishofen op"]
[Site "Bad Woerishofen"]
[Date "1990.??.??"]
[Round "?"]
[White "Blatny, Pavel"]
[Black "Sogaard, Soren"]
[Result "1-0"]
[WhiteElo "2510"]
[BlackElo "2340"]

1.e4 c5 2.c3 Nf6 3.e5 Nd5 4.d4 cxd4 5.Nf3 e6 6.cxd4 Nc6 7.Nc3 Nxc3 8.bxc3 d6
9.exd6 Bxd6 10.Bd3 Qc7 11.O-O Bd7 12.Rb1 Na5 13.Qe2 b6 14.Ne5 Bxe5 15.dxe5 Nb7
16.Rb4 Nc5 17.Ba3 Bc6 18.Rd4 Rd8 19.Bc2 Rd5 20.Re1 g6 21.Qe3 Kd8 22.c4 Rxd4
23.Qxd4+ Bd7 24.Qf4 f5 25.Qg5+ Kc8 26.Qe7 Ba4 27.Qf6 Re8 28.Bxc5 Bxc2 29.Bd6 Qd7
30.c5 bxc5 31.Rc1 Ba4 32.Qh4 Kb7 33.Rxc5 Bc6 34.Qc4 Rc8 35.h4 Ka8 36.Kh2 Qb7
37.Qxe6 f4 38.Qc4 f3 39.gxf3 Bd7 40.e6 Rxc5 41.Bxc5  1-0

[Event "Bayamo"]
[Site "Bayamo"]
[Date "1990.??.??"]
[Round "10"]
[White "Sariego, Wilfredo"]
[Black "Martin del Campo, Roberto"]
[Result "1-0"]
[WhiteElo "2405"]
[BlackElo "2465"]

1.e4 c5 2.c3 Nf6 3.e5 Nd5 4.d4 cxd4 5.Nf3 Nc6 6.Bc4 Nb6 7.Bb3 d6 8.exd6 Qxd6
9.Na3 a6 10.O-O Be6 11.Bxe6 Qxe6 12.Nxd4 Nxd4 13.Qxd4 Rd8 14.Qh4 Qc6 15.Bg5 f6
16.Be3 Nd5 17.Nc2 e5 18.Rad1 Be7 19.c4 Nf4 20.Rxd8+ Bxd8 21.Bxf4 Qxc4 22.Qh5+ g6
23.Qf3 Qxc2 24.Qxb7 Qc7 25.Qe4 O-O 26.Bh6 Re8 27.Qa4 Qf7 28.Be3 Qe6 29.Rc1 a5
30.Bd2 e4 31.Kf1 Re7 32.Qc4 Qxc4+ 33.Rxc4 f5 34.Rc8  1-0